RICS approves new world class regulatory system (Record no. 77907)

MARC details
000 -LEADER
fixed length control field 01080cab a2200193 4500
001 - CONTROL NUMBER
control field ##L135487
008 - FIXED-LENGTH DATA ELEMENTS--GENERAL INFORMATION
fixed length control field 061030n2006 000 0 eng u
035 ## - SYSTEM CONTROL NUMBER
System control number (Sirsi) u135487
041 0# - LANGUAGE CODE
Language code of text/sound track or separate title eng
110 2# - MAIN ENTRY--CORPORATE NAME
Corporate name or jurisdiction name as entry element Royal Institution of Chartered Surveyors
Subordinate unit Public Affairs
9 (RLIN) 4679
245 00 - TITLE STATEMENT
Title RICS approves new world class regulatory system
260 ## - PUBLICATION, DISTRIBUTION, ETC.
Date of publication, distribution, etc. 2006
490 #0 - SERIES STATEMENT
Series statement RICS Website News
Volume/sequential designation 17 October 2006
520 ## - SUMMARY, ETC.
Summary, etc. Principle-based regulation has received RICS member approval at an Extraordinary General Meeting, with an overwhelming 97% vote in favour of the new way forward for the chartered surveyor profession. The vote is a critical development in the creation of a new arms-length regulatory regime that will mean a sea change for RICS members in the way they are regulated by their professional body.
651 #4 - SUBJECT ADDED ENTRY--GEOGRAPHIC NAME
Geographic name International
690 ## - LOCAL SUBJECT ADDED ENTRY--TOPICAL TERM (OCLC, RLIN)
Topical term or geographic name as entry element ABOUT RICS-RICS PROFESSIONAL REGULATION AND CONSUMER PROTECTION
856 40 - ELECTRONIC LOCATION AND ACCESS
Uniform Resource Identifier <a href="https://www.rics.org/RICSWEB/getpage.aspx?p=x4eup66wrE2sE-69zWNE- ">https://www.rics.org/RICSWEB/getpage.aspx?p=x4eup66wrE2sE-69zWNE- </a>
Public note View the RICS press release free of charge at www.rics.org...
942 ## - ADDED ENTRY ELEMENTS (KOHA)
Suppress in OPAC 0
Holdings
Withdrawn status Lost status Source of classification or shelving scheme Damaged status Not for loan Home library Current library Shelving location Date acquired Total Checkouts Full call number Barcode Date last seen Copy number Price effective from Koha item type
    Dewey Decimal Classification     Virtual Virtual Online 30/10/2006   ONLINE PUBLICATION 135487-2001 06/08/2019 1 06/08/2019 Journal article